| Record ID | marc_records_scriblio_net/part08.dat:22325619:606 |
| Source | Scriblio |
| Download Link | /show-records/marc_records_scriblio_net/part08.dat:22325619:606?format=raw |
LEADER: 00606cam 2200229 4500
001 74015241 //r75
003 DLC
005 19750902000000.0
008 701006s1969 nyuabc 00010 eng
010 $a 74015241 //r75
020 $a0806910569
043 $ae-fr---
050 0 $aDC20$b.E34 1969
082 $a944/.083/0222
100 10 $aEgan, E. W.
245 10 $aFrance in pictures.$cPrepared by E. W. Egan.
250 $a[Rev. ed.]
260 0 $aNew York,$bSterling Pub. Co.$c[1969]
300 $a64 p.$billus., map, ports.$c26 cm.
350 $a1.00
490 0 $aVisual geography series
651 0 $aFrance.